Proceedings at the opening of the library of the University of Pennsylvania, 7th of February 1891. (Record no. 92451)

MARC details
000 -LEADER
fixed length control field 00584cam a22001931 4500
001 - CONTROL NUMBER
control field z 01000260
003 - CONTROL NUMBER IDENTIFIER
control field DLC
005 - DATE AND TIME OF LATEST TRANSACTION
control field 20260227112813.0
008 - FIXED-LENGTH DATA ELEMENTS--GENERAL INFORMATION
fixed length control field 800807s1891 paua 000 0 eng
010 ## - LIBRARY OF CONGRESS CONTROL NUMBER
LC control number z 01000260
035 ## - SYSTEM CONTROL NUMBER
System control number (OCoLC)6595040
040 ## - CATALOGING SOURCE
Original cataloging agency DLC
Transcribing agency OCl
Modifying agency DLC
042 ## - AUTHENTICATION CODE
Authentication code premarc
050 00 - LIBRARY OF CONGRESS CALL NUMBER
Classification number Z733.P416
Item number P
110 2# - MAIN ENTRY--CORPORATE NAME
Corporate name or jurisdiction name as entry element University of Pennsylvania.
Subordinate unit Library.
245 00 - TITLE STATEMENT
Title Proceedings at the opening of the library of the University of Pennsylvania, 7th of February 1891.
260 ## - PUBLICATION, DISTRIBUTION, ETC.
Place of publication, distribution, etc. Philadelphia,
Name of publisher, distributor, etc. University press
Date of publication, distribution, etc. [1891]
300 ## - PHYSICAL DESCRIPTION
Extent 39 p.
Other physical details front., illus.

No items available.

Powered by Koha